000 00281nam a22001337a 4500
008 171127b xxu||||| |||| 00| 0 eng d
020 _a9780072365689
041 _aeng
080 _a612.39
100 _a10
101 _aNUT
245 _aNUTRITION
_cBARRETT.S
942 _2udc
_cBK
999 _c38529
_d38529